New directions for academic liaison librarians /

Shows how liaison librarians can extend their roles beyond the established one of information literacy teaching and showcases areas in which they can engage in collaborative ventures with academic and administrative staff. --from publisher description.

保存先:
書誌詳細
第一著者: Crawford, Alice
団体著者: Woodhead publishing
フォーマット: 図書
言語:英語
出版事項: Oxford : Chandos, 2012.
シリーズ:Chandos information professional series
主題:
タグ: タグ追加
タグなし, このレコードへの初めてのタグを付けませんか!

MARC

LEADER 00000cam a2200000ua 4500
001 0000058607
003 CaOOAMICUS
005 20171002023104.0
008 120509s2012 enk 000 0 eng d
020 |a 1843345692 
020 |a 1843345692 (pbk.) 
020 |a 1843345692 (pbk.) 
020 |a 9781780633046 (online) 
020 |a 9781843345695 
020 |a 9781843345695 (pbk.) 
020 |a 9781843345695 (pbk.) 
020 |a 9781843345695 (print) 
024 8 |a 99958356827 
040 |a CaOTU  |b eng  |d EOtanga 
050 1 |a Z675  |b .U5C73 
082 0 4 |a 027.7 
100 1 |a Crawford, Alice. 
245 1 0 |a New directions for academic liaison librarians /  |c Alice Crawford. 
260 |a Oxford :  |b Chandos,  |c 2012. 
300 |a xv, 160 p ;  |c 24 cm. 
490 1 |a Chandos information professional series 
504 |a Includes bibliographical references and index. 
505 0 |a Introduction -- Liaison in the wider world: a medical library in Malawi -- Liaison and bibliometric support: the UK Research Assessment Exercise -- LIaison and virtual worlds -- Liaison and digital scholarship -- Liaison and open access journals -- Liaison and community outreach: a Friends of the Library Group -- LIaison and library buildings - Conclusion -- References and further reading -- Index. 
520 |a Shows how liaison librarians can extend their roles beyond the established one of information literacy teaching and showcases areas in which they can engage in collaborative ventures with academic and administrative staff. --from publisher description. 
650 0 |a Academic libraries. 
650 6 |a Bibliothèques universitaires. 
710 2 |a Woodhead publishing. 
908 |a 141205 
942 |c G 
952 |0 0  |1 0  |4 0  |6 Z_675_000000000000000_U5C73_2012  |7 0  |9 67373  |a DUA  |b DUA  |c GC  |d 2017-09-28  |g 0.00  |l 0  |o Z675.U5C73 2012  |p BK98148  |r 2017-09-28 00:00:00  |w 2017-09-28  |x 98148  |y G 
952 |0 0  |1 0  |4 0  |6 Z_675_000000000000000_U5C73_2012  |7 0  |9 67374  |a DUN  |b DUN  |c GC  |d 2017-09-28  |g 0.00  |l 0  |o Z675.U5C73 2012  |p BK98149  |r 2017-09-28 00:00:00  |w 2017-09-28  |x 98149  |y G 
999 |c 35718  |d 35718